LEADER 00900das0 2200301 450 001 990001149450203316 005 20030715132724.0 035 $a000114945 035 $aUSA01000114945 035 $a(ALEPH)000114945USA01 035 $a000114945 100 $a20030529c1982----km-y0itay0103----ba 200 1 $aVisuel$erivista di informazione cinematografica 207 1$a[1] (gen.1982)- 210 $aTorino$cStudioforma$d1982- 215 $av.$cill.$d21 cm 326 $aPubblica 5 n. l'anno 606 0 $aCinematografo$xPeriodici 676 $a791.43 801 $aIT$bsalbc$gISBD 912 $a990001149450203316 958 $aUMA$bFondo$c[1] (gen.1982)-n.4-5(dic.1982). 959 $aBK 979 $aMARIA$b10$c20030529$lUSA01$h1036 979 $aANNAPIA$b90$c20030715$lUSA01$h1259 979 $aANNAPIA$b90$c20030715$lUSA01$h1327 979 $aPATRY$b90$c20040406$lUSA01$h1720 997 $aUNISA LEADER 01409nam 2200361 n 450 001 996392162403316 005 20221108102341.0 035 $a(CKB)4940000000108826 035 $a(EEBO)2248545943 035 $a(UnM)99864072 035 $a(EXLCZ)994940000000108826 100 $a19931004d1648 uy | 101 0 $aeng 135 $aurbn||||a|bb| 200 02$aA briefe abstract of the Kings letters to the Queene$b[electronic resource] $eVVith some observations thereupon. VVherein His Majesties actions are deciphered. /$fBy a person of qualitie 210 $aLondon $cPrinted for Hannah Allen in Popes-head-Alley at the signe of the Crowne$d1648 215 $a12 p 300 $a"To the Christian reader" signed: S.E. 300 $a"Suppositious" --Thomason catalogue. 300 $aAnnotation on Thomason copy: "Feb. 20"; the 8 in imprint date crossed out and the date altered to 1647. 300 $aReproduction of the original in the British Library. 330 $aeebo-0018 607 $aGreat Britain$xHistory$yCivil War, 1642-1649$vEarly works to 1800 701 $aS. E$01002989 712 02$aEngland and Wales.$bSovereign (1625-1649 : Charles I) 801 0$bCu-RivES 801 1$bCu-RivES 801 2$bCStRLIN 801 2$bWaOLN 906 $aBOOK 912 $a996392162403316 996 $aA briefe abstract of the Kings letters to the Queene$92306564 997 $aUNISA